Clinical neurodynamics : (Post nr. 1288)
[ visa ren ]
| 000 -LEADER | |
|---|---|
| fixed length control field | 01052cam a22003137i 4500 |
| 001 - CONTROL NUMBER | |
| control field | 65902 |
| 005 - DATE AND TIME OF LATEST TRANSACTION | |
| control field | 20200226102307.0 |
| 008 - FIXED-LENGTH DATA ELEMENTS--GENERAL INFORMATION | |
| fixed length control field | 050527s2005 xxka 000 0 eng d |
| 020 ## - INTERNATIONAL STANDARD BOOK NUMBER | |
| International Standard Book Number | 0-7506-5456-2 |
| 020 ## - INTERNATIONAL STANDARD BOOK NUMBER | |
| International Standard Book Number | 978-0-7506-5456-2 |
| 035 ## - SYSTEM CONTROL NUMBER | |
| System control number | (SE-LIBR)9889942 |
| 060 ## - NATIONAL LIBRARY OF MEDICINE CALL NUMBER | |
| Classification number | WE 550 |
| 082 04 - DEWEY DECIMAL CLASSIFICATION NUMBER | |
| Classification number | 616.7062 |
| Edition number | 22 |
| 100 1# - MAIN ENTRY--PERSONAL NAME | |
| Personal name | Shacklock, Michael |
| 245 00 - TITLE STATEMENT | |
| Title | Clinical neurodynamics : |
| Remainder of title | a new system of musculoskeletal treatment / |
| Statement of responsibility, etc. | Michael Shacklock |
| 260 ## - PUBLICATION, DISTRIBUTION, ETC. | |
| Name of publisher, distributor, etc. | Edinburgh : |
| -- | Elsevier Butterworth Heinemann, |
| Date of publication, distribution, etc. | 2005 |
| 300 ## - PHYSICAL DESCRIPTION | |
| Extent | 251 s. : |
| Other physical details | ill. : |
| Accompanying material | CD-ROM |
| 650 #2 - SUBJECT ADDED ENTRY--TOPICAL TERM | |
| Topical term or geographic name entry element | musculoskeletal diseases |
| 650 #2 - SUBJECT ADDED ENTRY--TOPICAL TERM | |
| Topical term or geographic name entry element | musculoskeletal manipulations |
| 650 #2 - SUBJECT ADDED ENTRY--TOPICAL TERM | |
| Topical term or geographic name entry element | physical therapy modalities |
| 653 ## - INDEX TERM--UNCONTROLLED | |
| Uncontrolled term | Physical therapy |
| 950 ## - LOCAL HOLDINGS (RLIN) | |
| -- | 650 |
| 950 ## - LOCAL HOLDINGS (RLIN) | |
| -- | 650 |
| 950 ## - LOCAL HOLDINGS (RLIN) | |
| -- | 650 |
| 950 ## - LOCAL HOLDINGS (RLIN) | |
| -- | 650 |
| 950 ## - LOCAL HOLDINGS (RLIN) | |
| -- | 650 |
| 950 ## - LOCAL HOLDINGS (RLIN) | |
| -- | 650 |
Inga exemplar finns tillgängliga.